[Event "Mallorca-chT Preferente"]
[Site "Mallorca"]
[Date "2016.03.19"]
[Round "9.4"]
[White "Martin Mascaro, Juan"]
[Black "Bunyola Oliver, Pedro Antonio"]
[Result "1-0"]
[WhiteElo "1900"]
[BlackElo "1864"]
[PlyCount "73"]
[EventDate "2016.03.01"]
[EventType "team-tourn"]
[EventRounds "9"]
[EventCountry "ESP"]
[SourceTitle "EXT 2024"]
[Source "ChessBase"]
[SourceDate "2023.10.10"]
[SourceVersion "1"]
[SourceVersionDate "2023.10.10"]
[SourceQuality "1"]
[WhiteTeam "La Balanguera"]
[BlackTeam "Maria Salut"]
[WhiteTeamCountry "ESP"]
[BlackTeamCountry "ESP"]

1. Nf3 Nc6 2. d4 d5 3. Bf4 Nf6 4. e3 a6 5. c4 Bf5 6. a3 e6 7. Nc3 Ne4 8. Qb3 Rb8 9. cxd5 Nxc3 10. dxc6 Nb5 11. Bxb5 axb5 12. Qxb5 b6 13. Ne5 Bd6 14. Nd7 Ra8 15. Bxd6 cxd6 16. Nxb6 0-0 17. Nxa8 Qxa8 18. Qb7 Qa5+ 19. b4 Qd5 20. 0-0 e5 21. Qb6 exd4 22. Qxd4 Qxc6 23. Rfc1 Qa6 24. a4 Rd8 25. b5 Qa5 26. Rc6 d5 27. Qb6 Qa8 28. a5 h6 29. a6 Rb8 30. Qc5 Bd7 31. a7 Rb7 32. b6 Bxc6 33. Qxc6 Kh7 34. Qxb7 Qxb7 35. a8Q Qxb6 36. Qxd5 Qb2 37. Qf5+ 1-0